000 00252nam a2200097Ia 4500
008 190216s9999||||xx |||||||||||||| ||und||
100 _aDr.Ram Shankar
245 0 _aHindi-Pranthiraj Binay
260 _bSahithya Pravarthaka Sahakarana Sangam
942 _cBK
999 _c18150
_d18150